000 00459nam a2200181Ia 4500
001 3991
005 20260306145723.0
008 260306t2009||||xx |||||||||||||| ||spa||
041 _aESP
082 _a306.0985
_bM97
100 _aMurra, John V.
_eAUT
245 0 _aEl mundo andino población:
_bpoblación, medio ambiente y economía
260 _c2009
300 _a511 páginas :
_c23 cm.
650 _aGEN
654 _aCHU
942 _cLIB
_dJUS
_fJUS
_2ddc
_n
999 _c3991
_d3991